HIV, health, and your community : (Record no. 1022)

MARC details
000 -LEADER
fixed length control field 01475cam a22003494a 4500
001 - CONTROL NUMBER
control field 3102067
003 - CONTROL NUMBER IDENTIFIER
control field OSt
005 - DATE AND TIME OF LATEST TRANSACTION
control field 20150209161237.0
008 - FIXED-LENGTH DATA ELEMENTS--GENERAL INFORMATION
fixed length control field 990217s1999 caua b 001 0 eng
010 ## - LIBRARY OF CONGRESS CONTROL NUMBER
LC control number 99012967
020 ## - INTERNATIONAL STANDARD BOOK NUMBER
International Standard Book Number 0804733503 (cloth : alk. paper)
020 ## - INTERNATIONAL STANDARD BOOK NUMBER
International Standard Book Number 0804733511 (paper : al. paper)
040 ## - CATALOGING SOURCE
Original cataloging agency DLC
Transcribing agency DLC
Modifying agency DLC
042 ## - AUTHENTICATION CODE
Authentication code pcc
050 00 - LIBRARY OF CONGRESS CALL NUMBER
Classification number RC607.A26
Item number G626 1999
082 00 - DEWEY DECIMAL CLASSIFICATION NUMBER
Classification number QW 551 G766h 1999
Edition number 21
100 1# - MAIN ENTRY--PERSONAL NAME
Personal name Granich, Reuben,
Dates associated with a name 1963-
9 (RLIN) 2753
245 10 - TITLE STATEMENT
Title HIV, health, and your community :
Remainder of title a guide for action /
Statement of responsibility, etc. Reuben Granich, Jonathan Mermin ; with contributions by Suzan Goodman ; illustrations by Mona Sfeir.
246 30 - VARYING FORM OF TITLE
Title proper/short title HIV, health & your community
260 ## - PUBLICATION, DISTRIBUTION, ETC. (IMPRINT)
Place of publication, distribution, etc. Stanford, Calif. :
Name of publisher, distributor, etc. Stanford University Press,
Date of publication, distribution, etc. c1999.
300 ## - PHYSICAL DESCRIPTION
Extent ix, 245 p. :
Other physical details ill. ;
Dimensions 26 cm.
504 ## - BIBLIOGRAPHY, ETC. NOTE
Bibliography, etc Includes bibliographical references (p. 237-238) and index.
650 #0 - SUBJECT ADDED ENTRY--TOPICAL TERM
Topical term or geographic name as entry element AIDS (Disease)
9 (RLIN) 2595
650 #0 - SUBJECT ADDED ENTRY--TOPICAL TERM
Topical term or geographic name as entry element Community health aides.
9 (RLIN) 2754
700 1# - ADDED ENTRY--PERSONAL NAME
Personal name Mermin, Jonathan,
Dates associated with a name 1965-
9 (RLIN) 2755
856 41 - ELECTRONIC LOCATION AND ACCESS
Materials specified Table of contents
Uniform Resource Identifier http://www.loc.gov/catdir/toc/cam024/99012967.html
856 42 - ELECTRONIC LOCATION AND ACCESS
Materials specified Publisher description
Uniform Resource Identifier http://www.loc.gov/catdir/description/cam029/99012967.html
906 ## - LOCAL DATA ELEMENT F, LDF (RLIN)
a 7
b cbc
c orignew
d 1
e ocip
f 19
g y-gencatlg
942 ## - ADDED ENTRY ELEMENTS (KOHA)
Source of classification or shelving scheme Other/Generic Classification Scheme
Koha item type Short Loan
Holdings
Withdrawn status Lost status Source of classification or shelving scheme Damaged status Not for loan Home library Current library Date acquired Source of acquisition Inventory number Total Checkouts Full call number Barcode Date last seen Price effective from Koha item type
    Other/Generic Classification Scheme     MUST Main Library MUST Main Library 09/02/2015   2002/17745   QW 551 G766h 1999 2015-0277 09/02/2015 09/02/2015 Short Loan